000
00327nam a22001457a 4500
005
20181217085227.0
008
181217b xxu||||| |||| 00| 0 eng d
020
_a
0521098939
041
_a
eng
080
_a
510
100
_a
36
101
_a
MAT
245
_a
Partial Differential Equations
_c
Copson,E.T
942
_2
udc
_c
BK
999
_c
53308
_d
53308